Normal view
MARC view
Entry Personal Name
001 - CONTROL NUMBER
- control field: 8598
003 - CONTROL NUMBER IDENTIFIER
- control field: OSt
005 - DATE AND TIME OF LATEST TRANSACTION
- control field: 20160509190831.0
008 - FIXED-LENGTH DATA ELEMENTS
- fixed length control field: 160509|| aca||aabn | a|a d
040 ## - CATALOGING SOURCE
- Original cataloging agency: OSt
- Transcribing agency: OSt
100 ## - HEADING--PERSONAL NAME
- Personal name: Ruxton,D.Graeme;Colegrave Nick;
670 ## - SOURCE DATA FOUND
- Source citation: Work cat.: (OSt): Ruxton,D.Graeme;Colegrave Nick;, Experimental design for the life sciences., 2011.
